000 00607nam a2200229Ia 4500
003 OSt
005 20220918202214.0
006 a|||||r|||| 00| 0
007 ta
008 220917b |||||||| |||| 00| 0 eng d
024 _a99,520
037 _cTextual
040 _aARTS
_cARTS
_beng
041 _2eng
_aeng
082 _aV2:4wL79, D3.1-.2
100 _aRait Robert S
_9102729
245 0 _aLife and campaigns of Hugh First Viscount Gough Field-Marshal
260 _c1903
650 _aHISTORY
942 _hV2:4wL79, D3.1-.2
_cTEXL
_2CC
999 _c223096
_d223096